100 Best Football (Soccer) Players - Statistics

General Stats
  • This quiz has been taken 268 times
  • The average score is 23 of 100
Answer Stats
Top 100 Player % Correct
1 Lionel Messi
98%
2 Cristiano Ronaldo
97%
9 Ronaldo
96%
3 Pele
91%
4 Diego Maradona
86%
21 Ronaldinho
70%
6 Zinedine Zidane
70%
5 Johan Cruyff
68%
19 Paolo Maldini
62%
24 Andres Iniesta
59%
23 Xavi
57%
45 Kylian Mbappe
56%
40 Luis Suarez
55%
90 Roberto Carlos
55%
48 Gianluigi Buffon
52%
11 Gerd Muller
51%
29 Thierry Henry
51%
98 Kaka
49%
31 Manuel Neuer
47%
8 Alfredo Di Stefano
46%
28 Luka Modric
46%
14 Marco van Basten
45%
12 Ferenc Puskas
44%
84 Wayne Rooney
42%
35 Rivaldo
41%
76 Cafu
40%
13 Michel Platini
40%
15 Zico
37%
17 Garrincha
36%
10 George Best
35%
18 Bobby Charlton
33%
16 Eusebio
33%
39 Romario
31%
94 Luis Figo
30%
27 Roberto Baggio
30%
88 Sergio Busquets
28%
32 Socrates
25%
33 Lothar Matthaus
22%
73 Dani Alves
21%
86 Alan Shearer
20%
53 Jairzinho
20%
42 Bobby Moore
19%
68 Dennis Bergkamp
19%
7 Franz Beckenbauer
18%
74 Eric Cantona
17%
97 George Weah
15%
89 Hristo Stoichkov
15%
83 Hugo Sanchez
15%
61 Karl-Heinz Rummenigge
15%
46 Paolo Rossi
15%
26 Carlos Alberto
13%
49 Didi
13%
22 Lev Yashin
13%
44 Kenny Dalglish
12%
80 Just Fontaine
8%
52 Kevin Keegan
8%
59 Gordon Banks
7%
36 Stanley Matthews
7%
66 Denis Law
6%
79 Rivellino
5%
93 Sandor Kocsis
5%
25 Franco Baresi
4%
92 Peter Schmeichel
4%
30 Ruud Gullit
4%
72 Teofilo Cubillas
3%
95 Djalma Santos
2%
77 Frank Rijkaard
2%
20 Giuseppe Meazza
2%
82 Jimmy Greaves
2%
55 Dino Zoff
1%
63 Dixie Dean
1%
78 Florian Albert
1%
100 Gheorghe Hagi
1%
64 Gunnar Nordahl
1%
47 Gunter Netzer
1%
96 Javier Zanetti
1%
65 Johan Neeskens
1%
75 Jose Andrade
1%
99 Mario Kempes
1%
43 Michael Laudrup
1%
85 Philipp Lahm
1%
34 Raymond Kopa
1%
70 Ronald Koeman
1%
67 Sandro Mazzola
1%
37 Valentino Mazzola
1%
87 Allan Simonsen
0%
58 Daniel Passarella
0%
41 Francisco 'Paco' Gento
0%
57 Fritz Walter
0%
54 Gaetano Scirea
0%
91 Giacinto Facchetti
0%
60 Gianni Rivera
0%
69 Jimmy Johnstone
0%
62 John Charles
0%
81 Josef Masopust
0%
50 | 51 Jose Manuel Moreno
0%
56 Juan Alberto Schiaffino
0%
38 Mattias Sindelar
0%
71 Omar Sivori
0%
No matching quizzes found
Score Distribution
Percent of People with Each Score
Percentile by Number Answered
Your Score History
You have not taken this quiz